Search the Library Catalogue
| 000 -LEADER | |
|---|---|
| fixed length control field | 00609nam a2200193Ia 4500 |
| 008 - FIXED-LENGTH DATA ELEMENTS--GENERAL INFORMATION | |
| fixed length control field | 191130s2005##################000#0#eng## |
| 020 ## - INTERNATIONAL STANDARD BOOK NUMBER | |
| ISBN | 9780743255707 |
| 082 ## - DEWEY DECIMAL CLASSIFICATION NUMBER | |
| Classification number | 641.5 KOR |
| 100 ## - MAIN ENTRY--AUTHOR NAME | |
| Personal name | Kornfeld, Myra |
| 245 ## - TITLE STATEMENT | |
| Title | The healthy hedonist : more than 200 delectable flexitarian recipes for relaxed daily feasts |
| Statement of responsibility, etc | Myra Kornfeld ; illustrations by Sheila Hamanaka |
| 260 ## - PUBLICATION, DISTRIBUTION, ETC. (IMPRINT) | |
| Place of publication | New York |
| Name of publisher | Simon & Schuster |
| Year of publication | 2005 |
| 300 ## - PHYSICAL DESCRIPTION | |
| Number of Pages | 359 p. ; 25 cm |
| 500 ## - GENERAL NOTE | |
| General note | Includes index |
| 650 ## - SUBJECT ADDED ENTRY--TOPICAL TERM | |
| Topical Term | Cooking |
| 991 ## - | |
| -- | 301946 |
| Withdrawn status | Lost status | Damaged status | Not for loan | Home library | Current library | Shelving location | Date acquired | Full call number | Accession Number | Price effective from | Koha item type |
|---|---|---|---|---|---|---|---|---|---|---|---|
| Anna Centenary Library | Anna Centenary Library | 6TH FLOOR, A WING | 09.10.2020 | 641.5 KOR | 448726 | 09.10.2020 | English Books |